Clic Quel animal est ce personnage de Disney ? (2) - Statistiques

Statistiques générales
  • Ce quiz a été pris 119 fois
  • Le résultat moyen est 14 sur 40
Statistiques - réponses
Hint Explanation Réponse % Correct
Sven La Reine des neiges Renne
91%
Hyacinth Hippo Fantasia Hippopotame
90%
Rox Rox et Rouky Renard
86%
Tigrou Les aventures de Winnie l'Ourson Tigre
85%
Lulu Duck Cartoons Canard
84%
Mickey Mouse Cartoons Souris
84%
Miss Bunny Bambi Lapin
81%
Robin des Bois Robin des Bois Renard
81%
Daisy Duck Cartoons Canard
79%
Jojo Mouse Cartoons Souris
73%
Maman Gourou Les aventures de Winnie l'Ourson Kangourou
65%
Petit Gourou Les aventures de Winnie l'Ourson Kangourou
59%
Gripsou Archibald Cartoons Canard
51%
Hank Le monde de Némo Poulpe
36%
Finnick Zootopie Fennec
33%
Emmitt Otterton Zootopie Loutre
33%
Maggie La ferme se rebelle Vache
31%
Nif-nif Cartoons Cochon
23%
Le Capitaine Les 101 dalmatiens Cheval
21%
Oswald Cartoons Lapin
21%
Hei hei Vaiana la légende du bout du monde Poulet
21%
Miss Tick Cartoons Canard
20%
Fantomiald Cartoons Canard
14%
Marahute Bernard et Bianca au pays des kangourous Aigle royal
13%
Louie Cartoons Lion
11%
Miss Frappe Cartoons Canard
10%
Koslov Zootopie Ours
9%
Jacchus Fantasia Ane
8%
Jacques Le monde de Némo Crevette
8%
Humphrey Cartoons Ours
8%
Ena Bambi Biche
6%
Ollie La ferme se rebelle Cochon
5%
Bucky Kuzco, l'empereur mégalo Ecureuil
5%
Lucy Les 101 dalmatiens Oie
5%
Sacha Cartoons Oiseau
5%
Faloo Bernard et Bianca au pays des kangourous Kangourou
4%
Dingo Les aventures de Winnie l'Ourson Tigre
4%
Shelby Cartoons Tortue
4%
Gurri Bambi Biche
3%
Reginald La ferme se rebelle Coq
3%
Aucun quiz correspondant
Distribution des résultats
% des personnes avec chaque résultat
Percentile par nombre de réponses
Votre historique - résultats
Vous n’avez pas pris ce quiz